Länder die Deutschland unter Hitler erobert hat - Statistiken

Allgemein
  • Dieses Quiz wurde 262 mal gespielt
  • Das Durchschnittsergebnis liegt bei 10 aus 15
Antwortstatistiken
Hint Antwort % Korrekt
1939 Polen
100%
1940 Frankreich
97%
1938 Österreich
94%
1940 Belgien
92%
1940 Niederlande
89%
1940 Dänemark
85%
1940 Luxembourg
78%
1940 Norwegen
77%
1943 Italien
74%
1944 Ungarn
71%
1941 Griechenland
51%
1941 Sowjetunion
43%
1941 Litauen
32%
1941 Jugoslavien
4%
1938-1939 Tschechslowakei
2%
Keine übereinstimmenden Quizze gefunden
Verteilung der Resultate
Anzahl Personen mit jedem Resultat
Perzentil nach korrekt beantworteten Fragen
Ihre Resultats-Entwicklung
Sie haben dieses Quiz noch nicht gespielt